LEADER 00912nam0 2200277 450 001 000023701 005 20090227150023.0 100 $a20090227d1950----km-y0itay50------ba 101 1 $aita$cfre 102 $aIT 105 $ay-------001yy 200 1 $a<>grandi problemi dell'economia contemporanea$fBertrand Nogaro 210 $aMilano$cGarzanti$dstampa 1950 215 $a111 p.$d19 cm 225 2 $aSaper tutto$v5 410 0$12001$aSaper tutto 500 10$a<>grands problèmes de l'économie contemporaine$m$944540 610 1 $aEconomia 610 1 $aEconomia$aSec. 20. 676 $a330.904$v19$9Situazioni e condizioni economiche. 20. sec. 700 1$aNogaro,$bBertrand$0103488 801 0$aIT$bUNIPARTHENOPE$c20090227$gRICA$2UNIMARC 912 $a000023701 951 $a050/1$b886$cNAVA2 996 $aGrands problèmes de l'économie contemporaine$944540 997 $aUNIPARTHENOPE LEADER 00845nam0 2200253 450 001 000005276 005 20040116120314.0 010 $a88-207-2147-3 100 $a20040116d1992----km-y0itay50------ba 101 0 $aita 102 $aIT 200 1 $aTeoria e metodologia dell'educazione sanitaria$ele coordinate di un'esperienza di "ricerca-azione" in ambito distrettuale$fBruno Schettini 210 $aNapoli$cLiguori editore$d1992 215 $a146 p.$d21 cm 225 2 $aStudi sull'educazione$v30 410 0$12001$aStudi sull'educazione 610 1 $aEducazione sanitaria 676 $a613.07 700 1$aSchettini,$bBruno$0151405 801 0$aIT $bUNIPARTHENOPE $gRICA $2UNIMARC 912 $a000005276 951 $cNAVA1$a613-T/1$b36609$d20040116 996 $aTeoria e metodologia dell'educazione sanitaria$9815597 997 $aUNIPARTHENOPE LEADER 01425nam 2200385z- 450 001 9910694323703321 005 20071026084405.0 035 $a(CKB)5860000000023598 035 $a(BIP)016479865 035 $a(EXLCZ)995860000000023598 100 $a20220406c2007uuuu -u- - 101 0 $aeng 200 10$aFood security in Africa $ethe impact of agricultural development : hearing before the Subcommittee on Africa and Global Health of the Committee on Foreign Affairs, House of Representatives, One Hundred Tenth Congress, first session, on H.R. 2003, July 18, 2007 215 $a1 online resource (iii, 61 p.) 311 $a0-16-079466-8 517 $aFood Security in Africa 606 $aFood supply$zAfrica, Sub-Saharan 606 $aFood relief, American$zAfrica, Sub-Saharan 606 $aAgricultural productivity$zAfrica, Sub-Saharan 606 $aAgricultural development projects$zAfrica, Sub-Saharan 610 $aFood supply 610 $aFood relief 610 $aAgricultural development projects 610 $aAgriculture 610 $aSocial science 610 $aPolitical science 610 $aTechnology & engineering 615 0$aFood supply 615 0$aFood relief, American 615 0$aAgricultural productivity 615 0$aAgricultural development projects 906 $aBOOK 912 $a9910694323703321 996 $aFood Security in Africa$92824797 997 $aUNINA